000 00470nam a2200169Ia 4500
008 090711s9999 xx 000 0 und d
082 _b32219
100 _aशेळके उद्धव ज.
245 _aधग
260 _bपॉप्युलर प्रकाशन
_c1973
300 _a250
600 _aशेळके उद्धव ज.
630 _aधग
700 _aशेळके उद्धव ज.
730 _aधग
942 _cBOOK
999 _c330517
_d330517